00349nam a22001337a 450000500170000000800410001704100120005808200150007010000130008524500530009826000090015130000290016065000260018920240118132709.0240118b |||||||| |||| 00| 0 eng d aEnglish a342.5 PAR  lEnglish  aParliamentary Supremacy Judicial Independence... c1998 biv, 20 pages ; c22 cm.  aLegal practice bLaw